History of civilization in ancient India, Vol. 2 (Record no. 44628)

MARC details
000 -LEADER
fixed length control field 00551nam a2200193Ia 4500
005 - DATE AND TIME OF LATEST TRANSACTION
control field 20260122095407.0
008 - FIXED-LENGTH DATA ELEMENTS--GENERAL INFORMATION
fixed length control field 260121s9999||||xx |||||||||||||| ||und||
020 ## - INTERNATIONAL STANDARD BOOK NUMBER
International Standard Book Number 9789355275677
082 ## - DEWEY DECIMAL CLASSIFICATION NUMBER
Classification number 934
Item number DUT
100 ## - MAIN ENTRY--PERSONAL NAME
Personal name Dutt, Romesh Chunder
245 #0 - TITLE STATEMENT
Title History of civilization in ancient India, Vol. 2
Statement of responsibility, etc Romesh Chunder Dutt
250 ## - EDITION STATEMENT
Edition statement 1st ed.
260 ## - PUBLICATION, DISTRIBUTION, ETC. (IMPRINT)
Place of publication, distribution, etc Chennai :
Name of publisher, distributor, etc Maven Books,
Date of publication, distribution, etc 2023.
300 ## - PHYSICAL DESCRIPTION
Extent 356p.; hb
440 ## - SERIES STATEMENT/ADDED ENTRY--TITLE
Volume number/sequential designation Vol. 2
650 ## - SUBJECT ADDED ENTRY--TOPICAL TERM
Topical term or geographic name as entry element Ancient Indian history
650 ## - SUBJECT ADDED ENTRY--TOPICAL TERM
Topical term or geographic name as entry element South Asia — History — Ancient period
942 ## - ADDED ENTRY ELEMENTS (KOHA)
Koha item type Text Books
Holdings
Withdrawn status Lost status Source of classification or shelving scheme Damaged status Not for loan Home library Location Shelving location Date of Cataloging Total Checkouts Full call number Barcode Date last seen Price effective from Koha item type Collection code Source of acquisition
    Dewey Decimal Classification     CUTN Central Library CUTN Central Library History & Geography 06/06/2025   934 ROM 51527 06/06/2025 06/06/2025 General Books    
          CUTN Central Library CUTN Central Library History & Geography 22/01/2026   934 DUT 52713 22/01/2026 22/01/2026 Text Books Non-fiction Tamil Nadu Book House, Chennai - Invoice No. - IN/180 on 10-03-2025